| 000 | 01397cam a22003494a 4500 | ||
|---|---|---|---|
| 001 | 13588927 | ||
| 003 | ARRUPE | ||
| 005 | 20160223112655.0 | ||
| 008 | 040511s2005 nyu b 001 0 eng | ||
| 010 | _a 2004049020 | ||
| 020 | _a0312203268 | ||
| 040 |
_aDLC _cDLC _dDLC |
||
| 041 | 1 |
_aeng _hfre |
|
| 042 | _apcc | ||
| 050 | 0 | 0 |
_aB2430.F723 _bH4713 2004 |
| 082 | 0 | 0 |
_a194 _222 |
| 100 | 1 |
_aFoucault, Michel, _d1926-1984. _922403 |
|
| 240 | 1 | 0 |
_aHerméneutique du sujet. _lEnglish |
| 245 | 1 | 4 |
_aThe hermeneutics of the subject : _blectures at the Collège de France, 1981-1982 / _cMichel Foucault ; edited by Frédéric Gros ; general editors, François Ewald and Alessandro Fontana ; translated by Graham Burchell. |
| 250 | _a1st ed. | ||
| 260 |
_aNew York : _bPicador _c2005. |
||
| 300 |
_axli, 566 p. ; _c22 cm. |
||
| 504 | _aIncludes bibliographical references (p. 547-550) and indexes. | ||
| 650 | 0 |
_aSelf (Philosophy) _xHistory. _922404 |
|
| 650 | 0 |
_aPhilosophy, Ancient. _922405 |
|
| 700 | 1 |
_aGros, Frédéric. _922406 |
|
| 700 | 1 |
_aEwald, François. _922407 |
|
| 700 | 1 |
_aFontana, Alessandro. _922408 |
|
| 906 |
_a7 _bcbc _corignew _d1 _eocip _f20 _gy-gencatlg |
||
| 942 |
_2lcc _cMONOGRAPH |
||
| 999 |
_c124208 _d124208 |
||